| 000 | 00538nam a2200193Ia 4500 | ||
|---|---|---|---|
| 003 | GCL | ||
| 008 | 140319s9999 xx 000 0 ara d | ||
| 020 | _a0002309953 | ||
| 040 |
_aGCL / _cGCL |
||
| 082 | 0 | 4 |
_a738 _bن ف |
| 100 | 1 | _aنذير الزيات | |
| 245 | 1 | 0 |
_aفن الخزف / _cنذير الزيات |
| 260 |
_aبيروت : _bدار الراتب الجامعية |
||
| 300 |
_a96 ص ؛ _c28 سم |
||
| 650 | 0 | 4 | _aالفن الزخرفى |
| 650 | 0 | 4 | _aالخزف |
| 650 | 0 | 4 | _aالفنون الخزفية |
| 942 |
_2ddc _cBK |
||
| 999 |
_c5098 _d5098 |
||